[Event "FICS rated blitz game"]
[Site "FICS freechess.org"]
[Date "2018.01.05"]
[Round "?"]
[White "bakonyi"]
[Black "Fik"]
[Result "1-0"]
[WhiteElo "1935"]
[BlackElo "2059"]
[PlyCount "39"]
[EventDate "2018.??.??"]
[EventType "blitz"]

1. e4 e5 2. Nf3 Nc6 3. c3 Nf6 4. Bb5 d6 5. d4 exd4 6. cxd4 Bd7 7. Nc3 Be7 8.
O-O O-O 9. h3 a6 10. Bd3 Re8 11. e5 Nh5 12. d5 Nb4 13. Bb1 g6 14. a3 Nxd5 15.
Nxd5 dxe5 16. Nxe5 Bd6 17. Nxd7 Qxd7 18. Qxh5 Bh2+ 19. Kxh2 Qd6+ 20. Bf4 {
Black resigns} 1-0

[Event "FICS rated blitz game"]
[Site "FICS freechess.org"]
[Date "2018.01.05"]
[Round "?"]
[White "ALSChess"]
[Black "richhughes"]
[Result "1-0"]
[WhiteElo "1272"]
[BlackElo "1194"]
[PlyCount "49"]
[EventDate "2018.??.??"]
[EventType "blitz"]

1. e4 e5 2. Nf3 Nc6 3. c3 Nf6 4. Qc2 d5 5. d4 Bd6 6. dxe5 Bxe5 7. Nxe5 Nxe5 8.
Bg5 Be6 9. Nd2 Qd7 10. O-O-O O-O-O 11. Be2 Neg4 12. Bxg4 Bxg4 13. f3 Bh5 14.
Bxf6 gxf6 15. exd5 Bg6 16. Qb3 Qf5 17. Ne4 Rhe8 18. Rhe1 Qf4+ 19. Rd2 Qxh2 20.
g3 Qh6 21. Red1 Bxe4 22. fxe4 Rxe4 23. d6 c6 24. Qxf7 Re5 25. Qc7# {Black
checkmated} 1-0

[Event "FICS rated blitz game"]
[Site "FICS freechess.org"]
[Date "2018.01.05"]
[Round "?"]
[White "capricornus"]
[Black "heidehenk"]
[Result "0-1"]
[WhiteElo "1342"]
[BlackElo "1546"]
[PlyCount "110"]
[EventDate "2018.??.??"]
[EventType "blitz"]

1. e4 e5 2. Nf3 Nc6 3. c3 d5 4. exd5 Qxd5 5. d3 e4 6. Ng5 exd3 7. Qxd3 Qxd3 8.
Bxd3 Ne5 9. Bc2 h6 10. Ne4 f5 11. Ng3 g6 12. O-O Bd6 13. Re1 Kf7 14. Bb3+ Kf6
15. Be3 Bd7 16. Bd4 c5 17. Bxe5+ Bxe5 18. Nd2 b5 19. Nf3 Bf4 20. Bd5 Rd8 21. c4
Ne7 22. Rad1 Nxd5 23. cxd5 c4 24. Ne2 Bd6 25. a3 Rhe8 26. Nc3 Rxe1+ 27. Rxe1 a6
28. Nd4 Be5 29. Ne6 Bxe6 30. dxe6 Bxc3 31. bxc3 Re8 32. f4 Rxe6 33. Rxe6+ Kxe6
34. Kf2 Kd5 35. Ke3 a5 36. h3 Kc5 37. g4 b4 38. cxb4+ axb4 39. axb4+ Kxb4 40.
Kd4 c3 41. Ke5 c2 42. Kf6 fxg4 43. hxg4 c1=Q 44. f5 gxf5 45. gxf5 Qg5+ 46. Ke6
h5 47. f6 h4 48. f7 Qg7 49. Ke7 h3 50. Ke8 Qg6 51. Kf8 h2 52. Ke7 Qg7 53. Ke8
Qg6 54. Ke7 Qxf7+ 55. Kxf7 h1=Q {White resigns} 0-1

[Event "FICS rated standard game"]
[Site "FICS freechess.org"]
[Date "2018.01.05"]
[Round "?"]
[White "rusalka"]
[Black "nicolaimanusb"]
[Result "0-1"]
[WhiteElo "1602"]
[BlackElo "1531"]
[PlyCount "64"]
[EventDate "2018.??.??"]

1. e4 e5 2. Nf3 Nc6 3. c3 Nf6 4. d4 exd4 5. Bc4 Be7 6. e5 Ng8 7. Qc2 d6 8. Bb5
Bd7 9. exd6 cxd6 10. O-O a6 11. Bc4 h6 12. Re1 Nf6 13. a3 O-O 14. Nxd4 Ne5 15.
Bd2 Nxc4 16. b3 Nxd2 17. Nxd2 Re8 18. Qd1 Nd5 19. c4 Nf4 20. Re4 Nd3 21. Qe2
Nc5 22. Re3 Bf6 23. b4 Rxe3 24. Qxe3 Ne6 25. g3 Bxd4 26. Qe1 Bxa1 27. Qxa1 Bc6
28. Qd1 Ng5 29. f4 Nh3+ 30. Kf1 Qb6 31. Qe2 Re8 32. Qh5 Qf2# {White checkmated}
0-1

[Event "FICS rated blitz game"]
[Site "FICS freechess.org"]
[Date "2018.01.05"]
[Round "?"]
[White "Jephtah"]
[Black "gotemburgosicilia"]
[Result "1/2-1/2"]
[WhiteElo "1515"]
[BlackElo "1439"]
[PlyCount "101"]
[EventDate "2018.??.??"]
[EventType "blitz"]

1. e4 e5 2. Nf3 Nc6 3. c3 Bc5 4. b4 Bd6 5. Bb5 a6 6. Bc4 Nf6 7. Qb3 O-O 8. d3
h6 9. O-O b5 10. Bd5 Nxd5 11. Qxd5 Bb7 12. Qb3 Be7 13. Be3 d6 14. Nbd2 Bf6 15.
Rac1 Ne7 16. a4 c6 17. a5 Qd7 18. d4 Rfd8 19. Rfd1 Qe8 20. dxe5 dxe5 21. Bb6
Rd7 22. Nf1 Ng6 23. Rxd7 Qxd7 24. Rd1 Qe7 25. Rd2 Nf4 26. Qd1 Bc8 27. Ng3 g6
28. h3 Be6 29. Ne2 Nxe2+ 30. Qxe2 Qe8 31. Rd6 Be7 32. Rd2 f6 33. Ne1 Bd8 34.
Bc5 Bc7 35. Nd3 Rd8 36. Qe3 Kg7 37. Ba7 Bc8 38. Nc5 Rxd2 39. Qxd2 Qd8 40. Qxd8
Bxd8 41. Bb6 Be7 42. Kf1 Bxc5 43. Bxc5 Be6 44. Ke2 Bc4+ 45. Ke3 Kf7 46. g3 Ke6
47. f4 h5 48. g4 hxg4 49. hxg4 Bf1 50. f5+ gxf5 51. exf5+ 1/2-1/2

[Event "FICS rated blitz game"]
[Site "FICS freechess.org"]
[Date "2018.01.05"]
[Round "?"]
[White "fabiuscu"]
[Black "remilaci"]
[Result "0-1"]
[WhiteElo "1148"]
[BlackElo "1333"]
[PlyCount "100"]
[EventDate "2018.??.??"]
[EventType "blitz"]

1. e4 e5 2. Nf3 Nc6 3. c3 Nf6 4. g3 Nxe4 5. d3 Nf6 6. h3 Bc5 7. g4 e4 8. dxe4
Nxe4 9. Be3 Bxe3 10. fxe3 d5 11. Bd3 O-O 12. Bxe4 dxe4 13. Qxd8 Rxd8 14. Nd4
Nxd4 15. cxd4 f5 16. gxf5 Bxf5 17. Nd2 Rd6 18. Nc4 Rh6 19. h4 g5 20. h5 Bg4 21.
Kd2 Rd8 22. Ne5 Bxh5 23. Rxh5 Rxh5 24. Rf1 Rh2+ 25. Kc3 Rf8 26. Ng4 Rxf1 27.
Nxh2 Rg1 28. b4 Rg2 29. Nf1 Rxa2 30. Nd2 h5 31. Nxe4 g4 32. Nf6+ Kg7 33. Nxh5+
Kg6 34. Ng3 Kg5 35. Ne4+ Kf5 36. Ng3+ Ke6 37. e4 Rg2 38. Nf5 g3 39. Kd3 Rg1 40.
d5+ Ke5 41. Ne3 Rb1 42. Ng4+ Kf4 43. Ne3 Rxb4 44. Ng2+ Kf3 45. Nh4+ Kf2 46. e5
g2 47. Nxg2 Kxg2 48. e6 Kf3 49. d6 cxd6 50. e7 Re4 {White resigns} 0-1

[Event "FICS rated blitz game"]
[Site "FICS freechess.org"]
[Date "2018.01.05"]
[Round "?"]
[White "seved"]
[Black "AndrewAJ"]
[Result "1-0"]
[WhiteElo "1644"]
[BlackElo "1623"]
[PlyCount "65"]
[EventDate "2018.??.??"]
[EventType "blitz"]

1. e4 e5 2. Nf3 Nc6 3. c3 Bc5 4. d4 exd4 5. cxd4 Bb4+ 6. Nc3 d5 7. e5 Bg4 8.
Be2 Nge7 9. O-O Qd7 10. a3 Ba5 11. b4 Bb6 12. Be3 Nf5 13. Na4 Bxf3 14. Bxf3
Bxd4 15. Bxd4 Ncxd4 16. Nc5 Qc8 17. Bxd5 c6 18. Bc4 b6 19. Ne4 O-O 20. Qg4 b5
21. Ba2 Kh8 22. Rad1 Nh6 23. Qxc8 Raxc8 24. Rxd4 Ng4 25. Nd6 Rc7 26. f4 Ne3 27.
Rf3 Nc2 28. Rd2 Ne1 29. Rc3 f6 30. Nf7+ Rfxf7 31. Bxf7 Rxf7 32. Rd8+ Rf8 33.
Rxf8# {Black checkmated} 1-0

[Event "FICS rated blitz game"]
[Site "FICS freechess.org"]
[Date "2018.01.05"]
[Round "?"]
[White "Feestt"]
[Black "tuvo"]
[Result "1-0"]
[WhiteElo "1178"]
[BlackElo "1143"]
[PlyCount "109"]
[EventDate "2018.??.??"]
[EventType "blitz"]

1. e4 e5 2. Nf3 Nc6 3. c3 d6 4. h3 h6 5. d4 exd4 6. cxd4 d5 7. a3 dxe4 8. d5
exf3 9. dxc6 Qxd1+ 10. Kxd1 bxc6 11. gxf3 Nf6 12. Bc4 Bc5 13. Re1+ Be6 14. Bxe6
fxe6 15. Rxe6+ Kd7 16. Re2 Rad8 17. Kc2 Kc8 18. Be3 Bxe3 19. fxe3 Nh5 20. Nd2
Ng3 21. Rg2 Nf5 22. Nc4 Nh4 23. Rg3 g5 24. Ne5 Kb7 25. Nf7 Rhe8 26. Nxd8+ Rxd8
27. f4 Rd5 28. b4 gxf4 29. exf4 Nf5 30. Rd3 Nd4+ 31. Kc3 Nb5+ 32. Kc4 Rf5 33.
Rf3 Nd6+ 34. Kd4 Nb5+ 35. Kc4 Nd6+ 36. Kd3 Rd5+ 37. Ke2 Nf5 38. Rc3 Nd4+ 39.
Ke3 Nf5+ 40. Ke4 Nd6+ 41. Kf3 Nb5 42. Re3 Rh5 43. Kg4 Rd5 44. Rae1 h5+ 45. Kh4
Nd4 46. Rc3 Nf5+ 47. Kxh5 Nd6+ 48. Kg4 Nb5 49. Rf3 Nd4 50. Rff1 Nf5 51. Kf3
Rd3+ 52. Kg4 Nd6 53. Rf3 Rd2 54. f5 Rd4+ 55. Rf4 1-0

[Event "FICS rated blitz game"]
[Site "FICS freechess.org"]
[Date "2018.01.05"]
[Round "?"]
[White "bobbydaffy"]
[Black "pinkmanjesse"]
[Result "0-1"]
[WhiteElo "1376"]
[BlackElo "1359"]
[PlyCount "42"]
[EventDate "2018.??.??"]
[EventType "blitz"]

1. e4 e5 2. Nf3 Nc6 3. c3 d5 4. d4 dxe4 5. Ng5 exd4 6. Bc4 Ne5 7. Bb3 h6 8.
Nxf7 Nxf7 9. Qh5 Qe7 10. O-O Nf6 11. Qg6 d3 12. Nd2 Be6 13. Nc4 O-O-O 14. Be3
Kb8 15. Na5 Ne5 16. Qg3 Bxb3 17. axb3 b6 18. Qxe5 Qxe5 19. Nc6+ Kb7 20. Nxe5
Bd6 21. Nf7 Rhf8 0-1

[Event "FICS rated standard game"]
[Site "FICS freechess.org"]
[Date "2018.01.05"]
[Round "?"]
[White "uluat"]
[Black "racabow"]
[Result "1-0"]
[WhiteElo "1947"]
[BlackElo "2074"]
[PlyCount "43"]
[EventDate "2018.??.??"]

1. e4 e5 2. Nf3 Nc6 3. c3 Nf6 4. d4 Nxe4 5. d5 Ne7 6. Nxe5 d6 7. Bb5+ c6 8.
dxc6 bxc6 9. Nxc6 Qb6 10. Nxa7+ Kd8 11. Be3 Nc5 12. b4 Rxa7 13. Bxc5 Qxb5 14.
Bxa7 Nc6 15. Be3 Ba6 16. a4 Qc4 17. b5 Ne5 18. bxa6 Nd3+ 19. Kd2 Be7 20. a7 Kd7
21. Qf3 d5 22. Qf5+ {Black resigns} 1-0

[Event "FICS rated blitz game"]
[Site "FICS freechess.org"]
[Date "2018.01.05"]
[Round "?"]
[White "morts"]
[Black "wotomei"]
[Result "1-0"]
[WhiteElo "1143"]
[BlackElo "1172"]
[PlyCount "81"]
[EventDate "2018.??.??"]
[EventType "blitz"]

1. e4 e5 2. Nf3 Nc6 3. c3 d5 4. exd5 Qxd5 5. d3 Nf6 6. Be2 Be7 7. c4 Qa5+ 8.
Bd2 Qb6 9. b3 e4 10. Be3 Qa5+ 11. Bd2 Qb6 12. Be3 Qa5+ 13. Bd2 Qf5 14. dxe4
Nxe4 15. Bd3 Qe6 16. O-O Nf6 17. Ng5 Qg4 18. Be2 Qd4 19. Nf3 Qxa1 20. Bc3 Qxa2
21. Nd4 Nxd4 22. Bxd4 Qa5 23. Bc3 Qg5 24. Bf3 Bh3 25. Bd2 Qg6 26. Bf4 Rd8 27.
Qe2 Rd7 28. Bg3 Bf5 29. Bxb7 Bxb1 30. Rxb1 c5 31. Re1 Rxb7 32. Bd6 Ne4 33. Bxe7
Rxe7 34. Qf3 O-O 35. h3 Rfe8 36. Kh2 Qd6+ 37. g3 Nd2 38. Qh1 Rxe1 39. Qd5 Nf1+
40. Kg2 Qd8 41. Qxc5 1-0

[Event "FICS rated blitz game"]
[Site "FICS freechess.org"]
[Date "2018.01.05"]
[Round "?"]
[White "LVVO"]
[Black "Lostbishop"]
[Result "1-0"]
[WhiteElo "1470"]
[BlackElo "1386"]
[PlyCount "59"]
[EventDate "2018.??.??"]
[EventType "blitz"]

1. e4 e5 2. Nf3 Nc6 3. c3 Nf6 4. Bd3 Be7 5. Bc2 d6 6. h3 O-O 7. O-O Nxe4 8.
Bxe4 d5 9. Bc2 e4 10. Nh2 f5 11. f4 exf3 12. Qxf3 Ne5 13. Qd1 d4 14. d3 Ng6 15.
Nf3 Bc5 16. cxd4 Bxd4+ 17. Nxd4 Qxd4+ 18. Kh1 f4 19. Qf3 Nh4 20. Qe4 Qb6 21.
Nc3 Nxg2 22. d4 Bxh3 23. Qxh7+ Kf7 24. Qxh3 Rh8 25. Kxg2 Rxh3 26. Rxf4+ Kg8 27.
Kxh3 Qh6+ 28. Rh4 Qe6+ 29. Kh2 Rf8 30. Bb3 {Black resigns} 1-0

[Event "FICS rated blitz game"]
[Site "FICS freechess.org"]
[Date "2018.01.05"]
[Round "?"]
[White "BiH"]
[Black "seva"]
[Result "1-0"]
[WhiteElo "1632"]
[BlackElo "1740"]
[PlyCount "79"]
[EventDate "2018.??.??"]
[EventType "blitz"]

1. e4 e5 2. Nf3 Nc6 3. c3 Nf6 4. d4 Nxe4 5. d5 Ne7 6. Nxe5 d6 7. Nc4 g6 8. Be3
Bg7 9. Be2 O-O 10. O-O h6 11. Bf3 f5 12. Bd4 Nf6 13. Ne3 f4 14. Bxf6 Rxf6 15.
Ng4 Bxg4 16. Bxg4 h5 17. Be6+ Kh7 18. Nd2 c6 19. Ne4 Rf8 20. Ng5+ Kh6 21. Nf7+
Rxf7 22. Bxf7 f3 23. Qxf3 cxd5 24. Bxd5 Nxd5 25. Qxd5 Be5 26. Qd2+ Kh7 27. f4
Qb6+ 28. Kh1 Bf6 29. Rae1 a5 30. Re6 Bg7 31. Rxd6 Qb5 32. Re1 Rf8 33. Rd5 Qc4
34. g3 Qxa2 35. Re7 Qb1+ 36. Kg2 Rf5 37. Rdd7 Rf6 38. Rxg7+ Kh8 39. Rh7+ Kg8
40. Qd5+ {Black resigns} 1-0

[Event "FICS rated blitz game"]
[Site "FICS freechess.org"]
[Date "2018.01.05"]
[Round "?"]
[White "nyny"]
[Black "artack"]
[Result "0-1"]
[WhiteElo "1565"]
[BlackElo "1570"]
[PlyCount "56"]
[EventDate "2018.??.??"]
[EventType "blitz"]

1. e4 e5 2. Nf3 Nc6 3. c3 Bc5 4. Bb5 Nf6 5. Bxc6 dxc6 6. Nxe5 Nxe4 7. O-O Qf6
8. d4 Bd6 9. Ng4 Bxg4 10. Qxg4 Qg6 11. Qe2 O-O 12. Be3 f5 13. Na3 f4 14. Bc1 f3
15. Qc4+ Kh8 16. g3 Qg4 17. Qd3 Qh3 18. Qxf3 Rxf3 19. Nc4 Raf8 20. Nxd6 cxd6
21. Be3 h5 22. Rae1 h4 23. a3 hxg3 24. fxg3 Nxg3 25. Rxf3 Rxf3 26. hxg3 Qxg3+
27. Kh1 Qxe1+ 28. Kg2 Qe2+ {White resigns} 0-1

[Event "FICS rated standard game"]
[Site "FICS freechess.org"]
[Date "2018.01.05"]
[Round "?"]
[White "piaanist"]
[Black "catatumbostorm"]
[Result "1-0"]
[WhiteElo "1385"]
[BlackElo "1345"]
[PlyCount "67"]
[EventDate "2018.??.??"]

1. e4 e5 2. Nf3 Nc6 3. c3 a6 4. b3 Nf6 5. Qc2 Bc5 6. Be2 Ng4 7. O-O d6 8. Bb2
Ne7 9. d3 Ng6 10. Nbd2 Nf4 11. Qd1 Qf6 12. d4 Qh6 13. dxc5 Nxh2 14. Nxh2 Qg6
15. Bf3 Bh3 16. g3 Nd3 17. Nc4 Bxf1 18. Qxf1 Nf4 19. cxd6 cxd6 20. Ng4 Nh3+ 21.
Qxh3 h5 22. Nge3 h4 23. g4 Qg5 24. Nxd6+ Ke7 25. Nxb7 Rac8 26. Nd5+ Ke6 27. c4
Rb8 28. Nc5+ Kd6 29. Nxa6 Rbc8 30. Rd1 Ke6 31. Bc1 Qg6 32. g5+ f5 33. exf5+
Qxf5 34. Bg4 1-0

[Event "FICS rated blitz game"]
[Site "FICS freechess.org"]
[Date "2018.01.05"]
[Round "?"]
[White "fabiuscu"]
[Black "remilaci"]
[Result "0-1"]
[WhiteElo "1140"]
[BlackElo "1341"]
[PlyCount "144"]
[EventDate "2018.??.??"]
[EventType "blitz"]

1. e4 e5 2. Nf3 Nc6 3. c3 Nf6 4. d3 d5 5. Nbd2 dxe4 6. Nxe4 Nxe4 7. dxe4 Qxd1+
8. Kxd1 Bg4 9. b4 O-O-O+ 10. Ke2 Bxb4 11. cxb4 Nxb4 12. Bd2 Nc2 13. Rc1 Nd4+
14. Ke1 Bxf3 15. gxf3 Nxf3+ 16. Ke2 Nxd2 17. Bh3+ Kb8 18. Rcd1 Nxe4 19. Rxd8+
Rxd8 20. f3 Nc3+ 21. Kf2 e4 22. fxe4 Nxe4+ 23. Kf3 Ng5+ 24. Kg4 Nxh3 25. Kxh3
c5 26. Rf1 b5 27. Rxf7 a5 28. Rxg7 Rd2 29. Rxh7 Rxa2 30. Rh8+ Kc7 31. Rh7+ Kd6
32. Rh6+ Kd5 33. Rh5+ Kd4 34. Rh4+ Kc3 35. Rh5 Kb4 36. Rh4+ c4 37. Rd4 Ra3+ 38.
Kg4 Rd3 39. Rf4 Kc3 40. h4 Rd4 41. Rxd4 Kxd4 42. h5 c3 43. h6 c2 44. h7 c1=Q
45. h8=Q+ Kd3 46. Qh7+ Kd2 47. Qd7+ Kc2 48. Qc6+ Kd1 49. Qf3+ Kd2 50. Qf2+ Kc3
51. Qc5+ Kd2 52. Qd5+ Ke1 53. Qh1+ Kd2 54. Qh2+ Kd3 55. Qd6+ Kc2 56. Qc5+ Kd1
57. Qg1+ Kc2 58. Qc5+ Kd1 59. Qd5+ Qd2 60. Qh1+ Qe1 61. Qd5+ Qd2 62. Qb3+ Ke1
63. Qg3+ Qf2 64. Qe5+ Qe2+ 65. Qxe2+ Kxe2 66. Kf4 Kd3 67. Ke5 b4 68. Kd5 b3 69.
Kc5 b2 70. Kb5 b1=Q+ 71. Kxa5 Kc4 72. Ka4 Qa1# {White checkmated} 0-1

[Event "FICS rated blitz game"]
[Site "FICS freechess.org"]
[Date "2018.01.05"]
[Round "?"]
[White "Lemmy"]
[Black "dakeyno"]
[Result "1-0"]
[WhiteElo "1313"]
[BlackElo "1177"]
[PlyCount "91"]
[EventDate "2018.??.??"]
[EventType "blitz"]

1. e4 e5 2. Nf3 Nc6 3. c3 Nf6 4. d4 exd4 5. e5 Qe7 6. Be2 Nxe5 7. Nxd4 c5 8.
Nf5 Qe6 9. Qc2 a6 10. O-O d5 11. Re1 g6 12. Ne3 Qd6 13. Nd2 Be7 14. Nf3 Nxf3+
15. Bxf3 O-O 16. Bd2 d4 17. Nc4 Qc7 18. Ne5 Bf5 19. Qc1 Bd6 20. Bf4 Nd7 21.
cxd4 cxd4 22. Qxc7 Bxc7 23. Rac1 Bxe5 24. Bxe5 Nxe5 25. Rxe5 Rab8 26. Re7 b5
27. Rcc7 d3 28. Kf1 d2 29. Bd1 Rbc8 30. Ke2 Rxc7 31. Rxc7 Bg4+ 32. Kxd2 Rd8+
33. Ke3 Bxd1 34. Ra7 a5 35. Rxa5 Bc2 36. Rxb5 Bd3 37. Rc5 Bf5 38. a4 Re8+ 39.
Kd4 Ra8 40. a5 Rb8 41. Kc3 Re8 42. Kd2 Rd8+ 43. Ke3 Kg7 44. a6 Rd3+ 45. Ke2 Rd4
46. a7 1-0

[Event "FICS rated blitz game"]
[Site "FICS freechess.org"]
[Date "2018.01.05"]
[Round "?"]
[White "Lemmy"]
[Black "hugoregi"]
[Result "1-0"]
[WhiteElo "1326"]
[BlackElo "1225"]
[PlyCount "43"]
[EventDate "2018.??.??"]
[EventType "blitz"]

1. e4 e5 2. Nf3 Nc6 3. c3 a6 4. a3 Bc5 5. Bc4 h6 6. O-O Nf6 7. d3 d6 8. d4 exd4
9. cxd4 Ba7 10. Nc3 O-O 11. Be3 Ng4 12. Bf4 Be6 13. h3 Nf6 14. Be2 Ne7 15. d5
Bd7 16. Qd2 g5 17. Nxg5 hxg5 18. Bxg5 Nh7 19. Bh6 Re8 20. Bh5 Bb5 21. Qf4 Bxf1
22. Qxf7+ {Black resigns} 1-0

[Event "FICS rated standard game"]
[Site "FICS freechess.org"]
[Date "2018.01.05"]
[Round "?"]
[White "Leopoldt"]
[Black "sylwild"]
[Result "1-0"]
[WhiteElo "1735"]
[BlackElo "1698"]
[PlyCount "43"]
[EventDate "2018.??.??"]

1. e4 e5 2. Nf3 Nc6 3. c3 Nf6 4. d3 d5 5. exd5 Nxd5 6. Be2 Bd6 7. O-O O-O 8.
Bg5 f6 9. Bh4 Nf4 10. Nbd2 Nxe2+ 11. Qxe2 Bg4 12. Ne4 Ne7 13. Nxd6 Qxd6 14.
Rad1 Ng6 15. Bg3 Rae8 16. h3 Bh5 17. Bh2 Ne7 18. g4 Bg6 19. Nh4 Bf7 20. d4 Bxa2
21. dxe5 Qxe5 22. Bxe5 {Black resigns} 1-0

[Event "FICS rated standard game"]
[Site "FICS freechess.org"]
[Date "2018.01.05"]
[Round "?"]
[White "Rackball"]
[Black "mondojo"]
[Result "1-0"]
[WhiteElo "1559"]
[BlackElo "1513"]
[PlyCount "93"]
[EventDate "2018.??.??"]

1. e4 e5 2. Nf3 Nc6 3. c3 a6 4. d4 d6 5. d5 Na5 6. c4 b5 7. cxb5 axb5 8. Bxb5+
Bd7 9. Bxd7+ Qxd7 10. O-O Nf6 11. Nc3 Qg4 12. Be3 Nxe4 13. Nxe4 Qxe4 14. Rc1 c5
15. Re1 Qg6 16. Qa4+ Kd8 17. b4 c4 18. Bb6+ Ke7 19. bxa5 Qd3 20. Nd4 g6 21.
Qxc4 Qxc4 22. Rxc4 Bh6 23. Nc6+ Kf6 24. h3 Rhc8 25. g3 Bd2 26. Re2 Bxa5 27.
Nxa5 Rcb8 28. Bc7 Rb5 29. Rd2 Rbxa5 30. Bxa5 Rxa5 31. Rc6 Ke7 32. Rc7+ Kf6 33.
Rd7 Ra6 34. Rb7 Ra5 35. Rb1 h5 36. Ra1 Kf5 37. a4 Ke4 38. Kg2 Rxd5 39. Rxd5
Kxd5 40. a5 Kc6 41. Rb1 d5 42. a6 d4 43. a7 Kc5 44. a8=Q d3 45. Qd8 e4 46. Rc1+
Kb4 47. Qb8+ {Black resigns} 1-0

[Event "FICS rated blitz game"]
[Site "FICS freechess.org"]
[Date "2018.01.05"]
[Round "?"]
[White "jetline"]
[Black "AlgozBR"]
[Result "1-0"]
[WhiteElo "1528"]
[BlackElo "1528"]
[PlyCount "105"]
[EventDate "2018.??.??"]
[EventType "blitz"]

1. e4 e5 2. Nf3 Nc6 3. c3 Bc5 4. d4 exd4 5. cxd4 Bb4+ 6. Nc3 d6 7. Bc4 Bg4 8.
O-O Bxf3 9. Qxf3 Nf6 10. e5 dxe5 11. dxe5 Nxe5 12. Re1 Bd6 13. Bf4 Qe7 14. Qxb7
O-O 15. Bxe5 Bxe5 16. h3 Qd6 17. Rad1 Qc5 18. Bb3 Bxc3 19. bxc3 Qxc3 20. Re3
Qb2 21. Rg3 Ne4 22. Qxe4 Rfe8 23. Qc4 Re7 24. Qg4 g6 25. Rf3 Rae8 26. Qc4 Rf8
27. h4 Qe5 28. Qc2 Qh5 29. Rh3 Rfe8 30. Rd5 Qh6 31. h5 g5 32. Rf5 Qe6 33. Bxe6
Rxe6 34. Rxg5+ Kf8 35. Rhg3 Ke7 36. Qc5+ Kd8 37. Rd3+ Kc8 38. Qd5 Rd6 39. Qa8+
Kd7 40. Qxa7 Rxd3 41. Qa6 Rd1+ 42. Kh2 Rd2 43. Qb5+ Kc8 44. Rd5 Rd8 45. Rxd8+
Kxd8 46. Qf5 Rd7 47. Qf3 Kc8 48. Qf6 Kb8 49. Qh8+ Kb7 50. Qb2+ Kc8 51. Qa3 Kd8
52. Qa8+ Ke7 53. Qe4+ 1-0

[Event "FICS rated blitz game"]
[Site "FICS freechess.org"]
[Date "2018.01.05"]
[Round "?"]
[White "GriffySr"]
[Black "andelcer"]
[Result "1/2-1/2"]
[WhiteElo "1956"]
[BlackElo "1669"]
[PlyCount "99"]
[EventDate "2018.??.??"]
[EventType "blitz"]

1. e4 e5 2. Nf3 Nc6 3. c3 d6 4. d4 exd4 5. cxd4 Nf6 6. Nc3 Be7 7. d5 Ne5 8.
Nxe5 dxe5 9. Bb5+ Bd7 10. Bxd7+ Qxd7 11. f4 Bd6 12. O-O O-O 13. Qb3 b6 14. Bd2
Rfe8 15. Rae1 exf4 16. Bxf4 Bxf4 17. Rxf4 Re5 18. Qc4 a6 19. Kh1 b5 20. Qc5
Rae8 21. Ref1 Qd6 22. Qxd6 cxd6 23. a3 Nxe4 24. Nxe4 Rxe4 25. Rxf7 R4e5 26. h3
Rxd5 27. Ra7 h6 28. Rxa6 Re2 29. b3 Rdd2 30. Rf5 Rxg2 31. Rxd6 Rh2+ 32. Kg1 Rb2
33. h4 Rxh4 34. Rxb5 Rh3 35. Rd8+ Kh7 36. a4 Rhxb3 37. Rxb3 Rxb3 38. a5 Ra3 39.
Rd5 g5 40. Kf2 Kg6 41. Rd6+ Kh5 42. a6 g4 43. Rd5+ Kh4 44. Rd6 h5 45. Rg6 g3+
46. Kg2 Ra2+ 47. Kf3 Ra3+ 48. Kg2 Ra2+ 49. Kf3 Ra3+ 50. Kg2 1/2-1/2

[Event "FICS rated blitz game"]
[Site "FICS freechess.org"]
[Date "2018.01.05"]
[Round "?"]
[White "proximab"]
[Black "Carolin"]
[Result "1-0"]
[WhiteElo "1920"]
[BlackElo "1287"]
[PlyCount "51"]
[EventDate "2018.??.??"]
[EventType "blitz"]

1. e4 e5 2. Nf3 Nc6 3. c3 d6 4. Qb3 Bg4 5. Qxb7 Rb8 6. Qxc6+ Bd7 7. Qa6 Be7 8.
Qxa7 Nf6 9. d3 O-O 10. Be2 Be6 11. Ng5 Ra8 12. Nxe6 Rxa7 13. Nxd8 Rxd8 14. c4
Rda8 15. Nc3 Nd7 16. Be3 Rb7 17. O-O-O Nb6 18. b3 d5 19. Bxb6 Rxb6 20. Nxd5 Re6
21. Nxc7 Rxa2 22. Nxe6 Ba3+ 23. Kb1 Rb2+ 24. Ka1 Ra2+ 25. Kxa2 fxe6 26. Kxa3 {
Black resigns} 1-0

[Event "FICS rated blitz game"]
[Site "FICS freechess.org"]
[Date "2018.01.05"]
[Round "?"]
[White "zbobi"]
[Black "Cibola"]
[Result "1-0"]
[WhiteElo "1439"]
[BlackElo "1366"]
[PlyCount "119"]
[EventDate "2018.??.??"]
[EventType "blitz"]

1. e4 e5 2. Nf3 Nc6 3. c3 Bc5 4. Bc4 Nf6 5. Qb3 O-O 6. Bd5 Na5 7. Qd1 c6 8. b4
Bxf2+ 9. Kxf2 cxd5 10. bxa5 dxe4 11. Nxe5 d6 12. Nc4 Nd5 13. Re1 Qf6+ 14. Kg1
Re8 15. Ne3 Nxe3 16. Rxe3 Qg6 17. d3 d5 18. dxe4 Rxe4 19. Rxe4 Qxe4 20. Nd2 Qe7
21. Nf3 Bg4 22. Bf4 Rc8 23. Rc1 Rc4 24. Bd2 Qc5+ 25. Kh1 Qxa5 26. Qf1 Bxf3 27.
Qxf3 h6 28. Qg3 Qb6 29. Bxh6 Qxh6 30. Rf1 Qd2 31. Qf3 f6 32. h3 Rxc3 33. Qf5
Rc5 34. Qe6+ Kh7 35. Rf5 b6 36. Rh5+ Kg6 37. Qg4+ Kf7 38. Rh7 Rc1+ 39. Kh2 Qg5
40. Qd7+ Kg6 41. Rxg7+ Kh5 42. Rxg5+ Kxg5 43. Qg4+ Kh6 44. Qf4+ Kg6 45. Qxc1 a6
46. Qc6 b5 47. Qxa6 Kf5 48. Qxb5 Ke5 49. a4 f5 50. a5 Ke4 51. a6 d4 52. a7 d3
53. a8=Q+ Ke3 54. Qae8+ Kd2 55. Qd5 f4 56. Qed8 f3 57. Qxd3+ Kc1 58. Qc8+ Kb2
59. Qb5+ Ka3 60. Qa8# {Black checkmated} 1-0

[Event "FICS rated standard game"]
[Site "FICS freechess.org"]
[Date "2018.01.05"]
[Round "?"]
[White "iialwttt"]
[Black "chesspeak"]
[Result "0-1"]
[WhiteElo "1149"]
[BlackElo "1491"]
[PlyCount "62"]
[EventDate "2018.??.??"]

1. e4 e5 2. Nf3 Nc6 3. c3 a6 4. d4 h6 5. Be2 Nf6 6. d5 Na7 7. Nbd2 Bc5 8. O-O
c6 9. Nxe5 Qe7 10. Ndf3 cxd5 11. exd5 d6 12. Nd3 Bb6 13. a4 Nxd5 14. Nf4 Nf6
15. Bc4 O-O 16. Nd5 Nxd5 17. Bxd5 Nc6 18. Bxc6 bxc6 19. Nd4 Bd7 20. Re1 Qh4 21.
g3 Qf6 22. Qg4 Bxg4 23. Nxc6 Bxf2+ 24. Kf1 Bxe1+ 25. Kxe1 Rfe8+ 26. Kd2 Qf2+
27. Kd3 Qf3+ 28. Kc4 Qxc6+ 29. Kb3 Be6+ 30. Ka3 Rab8 31. b4 Qxc3# {White
checkmated} 0-1

[Event "FICS rated blitz game"]
[Site "FICS freechess.org"]
[Date "2018.01.05"]
[Round "?"]
[White "maximb"]
[Black "hanse"]
[Result "1-0"]
[WhiteElo "1628"]
[BlackElo "1842"]
[PlyCount "30"]
[EventDate "2018.??.??"]
[EventType "blitz"]

1. e4 e5 2. Nf3 Nc6 3. c3 Nf6 4. d4 Nxe4 5. d5 Ne7 6. Nxe5 d6 7. Bb5+ Bd7 8.
Bxd7+ Qxd7 9. Nxd7 Kxd7 10. O-O Nf6 11. Be3 Re8 12. c4 a6 13. Nc3 Kc8 14. b4 g6
15. b5 Bg7 {Black resigns} 1-0

[Event "FICS rated blitz game"]
[Site "FICS freechess.org"]
[Date "2018.01.05"]
[Round "?"]
[White "Jephtah"]
[Black "lovelace"]
[Result "0-1"]
[WhiteElo "1505"]
[BlackElo "1612"]
[PlyCount "112"]
[EventDate "2018.??.??"]
[EventType "blitz"]

1. e4 e5 2. Nf3 Nc6 3. c3 d5 4. Bb5 dxe4 5. Nxe5 Bd7 6. Nxd7 Qxd7 7. Qa4 Nf6 8.
O-O Bc5 9. Bxc6 bxc6 10. Qc4 Bb6 11. h3 Qd5 12. Qe2 O-O 13. Rd1 Qd3 14. Qe1
Rad8 15. b4 c5 16. a3 cxb4 17. axb4 Nd5 18. Qf1 Nf4 19. Qxd3 Nxd3 20. Rf1 f5
21. Na3 f4 22. Nc4 f3 23. g3 Rf6 24. Nxb6 axb6 25. Ra7 Rf7 26. Ba3 b5 27. Ra6
Rf6 28. Ra7 c6 29. Rc7 h6 30. Re7 Ra8 31. Bc1 Ra1 32. Rxe4 Rxc1 33. Re3 Rxf1+
34. Kxf1 Nc1 35. Ke1 Kf7 36. Kd1 Ne2 37. Kc2 g5 38. Kd3 Ng1 39. h4 g4 40. Re4
h5 41. Re5 Kg6 42. Ke4 Nh3 43. Ke3 Rd6 44. d4 Ng1 45. Rg5+ Kh6 46. Re5 Ne2 47.
Kd3 Nc1+ 48. Ke4 Ne2 49. Kd3 Ng1 50. Ke3 Nh3 51. Rc5 Kg6 52. c4 bxc4 53. Rxc4
Ng1 54. Rc5 Ne2 55. Rc4 Re6+ 56. Kd3 Rd6 {White resigns} 0-1